00848cam a2200205 a 450000100100000000500170001000800410002704000250006808200240009310000380011724501580015525000230031326000320033630000280036850400260039665000630042291000150048595201270050099900150062700000159720200929145630.0790418s1927 fr a b 000 0 fre  aDO-SdBNPbspacBNPHU a840.09bM866h, 19271 aMornet, Daniel,d1878-1954.9523810aHistoire de la littérature et de la pensée françaises contemporaines (1870-1925) /cDaniel Mornet ... Quatre planches hors texte (seize portraits). a4a ed. rev. y aum. aParís :bLarousse,c1927. a269 p. :bil. ;c20 cm. aBibliografía: p. 9. 4aLiteratura francesaySIGLO XIXxHistoria y crítica95239 aEn proceso 001052708MOaGRbGRcCTd2009-09-11iLF1l0o840.09 M866h, 1927p1597-10r2020-06-25w2020-06-25y2ZPréstamo interno c1492d1492